000 00985nam a22002537a 4500
999 _c64246
_d64246
005 20240530110722.0
008 180331s2017 ua a g b 000 0 ara d
017 _a2016/2296
_bمصر. دار الكتب
020 _a9789777650502
040 _aEG-CaGPL
_cEG-CaGPL
082 0 4 _221
_a891.55\
_bع غ
100 0 _aعبدالقادر الجيلانى
245 1 2 _aالغوث الاعظم :
_bالديوان الفارسي /
_cعبدالقادر الجيلانى ؛ ترجمة منال اليمنى عبدالعزيز
250 _aط.1
260 _aالقاهرة :
_bآفاق للنشر والتوزيع،
_c2016 .
300 _a239 ص. ؛
_c22 سم.
504 _aيشتمل على ارجاعات ببليوجرافية
650 0 7 _2qrmak
_aالتصوف
650 0 7 _2qrmak
_aالشعر الفارسى
651 _2qrmak
700 0 _aمنال اليمنى عبدالعزيز
_eمترجم
942 _2ddc
_cBK